| 000 | 00321nam a22001217a 4500 | ||
|---|---|---|---|
| 008 | 230703b xxu||||| |||| 00| 0 eng d | ||
| 082 |
_a342 _bCKRC |
||
| 100 | _cCKRC | ||
| 245 |
_aReport of the Constitution of Kenya Review Commission _bGarsen |
||
| 260 |
_aKenya _bCKRC _c2003 |
||
| 300 | _avarious paging | ||
| 942 |
_2ddc _cBK |
||
| 999 |
_c3420 _d3420 |
||